Państwa graniczące z Jugosławią w 1936r. - Statystyki

Ogólne statystyki
  • Ten quiz został rozwiązany 169 razy
  • Średni wynik to 7 z 7
Statystyki odpowiedzi
Państwo % Poprawnych
Bułgaria
96%
Grecja
96%
Austria
94%
Rumunia
94%
Węgry
94%
Włochy
92%
Albania
89%
Nie znaleziono quizów pasujących do podanych kryteriów
Rozkład punktacji
Procent ludzi z każdym wynikiem
Percentyl według liczby udzielonych odpowiedzi
Twoja historia wyników
Nie rozwiązałeś tego quizu